000 00729nam a2200205Ia 4500
003 GCL
008 140319s9999 xx 000 0 ara d
040 _aGCL /
_cGCL
082 0 4 _aق
_b953.0738
_bس ا
100 1 _aسلام شافعى محمود سلام
245 1 0 _aاهل الذمة فى مصر فى العصر الفاطمى الأول (75) /
_cسلام شافعى محمود سلام
260 _a[S.N] :
_bالهيئة المصرية العامة للكتاب ،
_c1995
300 _a328 ص
490 _aتاريخ المصريين
_v0
650 0 4 _aاهل الذمة
650 0 4 _aالنشاط الصناعى
650 0 4 _aسياسة الخلفاء
650 0 4 _aالنشاط الزراعى
942 _2ddc
_cBK
999 _c36768
_d36768